[Event "Louviers op 12th"]
[Site "Louviers"]
[Date "2009.05.30"]
[Round "2"]
[White "Pytel, Bozena"]
[Black "Lannaud, Jean Charles"]
[Result "1-0"]
[WhiteElo "1960"]
[BlackElo "1610"]
[PlyCount "87"]
[EventDate "2009.05.30"]
[EventType "swiss"]
[EventRounds "6"]
[EventCountry "FRA"]
[SourceTitle "EXT 2011"]
[Source "ChessBase"]
[SourceDate "2010.11.26"]
[SourceVersion "1"]
[SourceVersionDate "2010.11.26"]
[SourceQuality "1"]

1. Nf3 g6 2. d4 Bg7 3. c4 Nf6 4. Nc3 0-0 5. e4 d6 6. h3 b6 7. Bg5 Bb7 8. Bd3 Nbd7 9. Qd2 c5 10. d5 Ne8 11. 0-0 f6 12. Be3 Ne5 13. Be2 Nc7 14. Nh2 Qd7 15. f4 Nf7 16. Bg4 Qd8 17. Be6 Bc8 18. f5 Nxe6 19. dxe6 Ne5 20. b3 g5 21. Nd5 Ba6 22. a4 Kh8 23. Rad1 Bb7 24. Qe2 Bxd5 25. Rxd5 a5 26. Nf3 Nxf3+ 27. Qxf3 Rg8 28. Rd2 Qe8 29. g3 Bh6 30. g4 Bf8 31. Rh2 Bh6 32. Rff2 Qf8 33. Rfg2 Qg7 34. Qd1 Rad8 35. Qd2 Qf8 36. Rg3 Rg7 37. Rgg2 Qe8 38. Qd3 Qc6 39. Kf2 Rdg8 40. Rh1 Qc8 41. Rgh2 Qf8 42. Bd2 Qa8 43. h4 Qf8 44. hxg5 1-0